Soy el más fuerte! / (Registro nro. 2542)

Detalles MARC
000 -CABECERA
Longitud fija campo de control 00952nam a2200301 a 4500
003 - • IDENTIFICADOR DELl NÚMERO DE CONTROL
Identificador del número de control CO-ViMGA
008 - • CÓDIGOS DE INFORMACIÓN DE LONGITUD FIJA
Códigos de información de longitud fija 141112s2004 ck r 000 u spa d
020 ## - • NÚMERO INTERNACIONAL NORMALIZADO PARA LIBROS
Número Internacional Normalizado para Libros (ISBN) 9789588787039
040 ## - FUENTE DE LA CATALOGACIÓN
Centro catalogador de origen CO-ViMGA
Lengua de catalogación spa
Centro transcriptor CO-ViMGA
041 ## - • CÓDIGO DE LENGUA
Código de lengua del texto/banda sonora o título independiente SPA
100 1# - • PUNTO DE ACCESO PRINCIPAL-NOMBRE DE PERSONA
Nombre de persona Ramos, Mario, 1958 -
245 10 - • TITULO PROPIAMENTE DICHO
Título Soy el más fuerte! /
Mención de responsabilidad, etc. Mario Ramos ; traducción Rafael Ros
250 ## - • MENCIÓN DE EDICIÓN
Mención de edición 1a ed.
300 ## - • DESCRIPCIÓN FÍSICA
Extensión 22 p. : il. col. : il.
500 ## - • NOTA GENERAL
Nota general Título original : C'est moi le plus fort
650 14 - • PUNTO DE ACCESO ADICIONAL DE MATERIA - TÉRMINO DE MATERIA
Término de materia o nombre geográfico como elemento inicial AUTORES BELGAS
650 14 - • PUNTO DE ACCESO ADICIONAL DE MATERIA - TÉRMINO DE MATERIA
Término de materia o nombre geográfico como elemento inicial DESDE LOS 3 AÑOS
650 14 - • PUNTO DE ACCESO ADICIONAL DE MATERIA - TÉRMINO DE MATERIA
Término de materia o nombre geográfico como elemento inicial ILUSTRADORES BELGAS
650 14 - • PUNTO DE ACCESO ADICIONAL DE MATERIA - TÉRMINO DE MATERIA
Término de materia o nombre geográfico como elemento inicial LITERATURA INFANTIL BELGA
650 14 - • PUNTO DE ACCESO ADICIONAL DE MATERIA - TÉRMINO DE MATERIA
Término de materia o nombre geográfico como elemento inicial LOBOS - LIBROS DE IMAGENES
650 14 - • PUNTO DE ACCESO ADICIONAL DE MATERIA - TÉRMINO DE MATERIA
Término de materia o nombre geográfico como elemento inicial PERSONAJES LITERARIOS - LIBROS DE IMAGENES
700 1# - • PUNTO DE ACCESO ADICIONAL - NOMBRE DE PERSONA
Nombre de persona Ramos, Mario, 1958 -
700 1# - • PUNTO DE ACCESO ADICIONAL - NOMBRE DE PERSONA
Nombre de persona Ros, Rafael
942 ## - ENTRADA DE ELEMENTOS AGREGADOS (KOHA)
Fuente de clasificaión o esquema Dewey Decimal Classification
Koha [por defecto] tipo de item LIbro
Existencias
Perdido Fuente de clasificación o esquema Estado Físico No para préstamo Forma de adquisición Localización permanente Localización actual Localización en estanterías Fecha adquisición Préstamos totales Código de barras Fecha última consulta Número de copia Fecha del precio de reemplazo Tipo de item de Koha Signatura completa Serie de enumeración / cronolog&íacute;a Fecha último préstamo
  Dewey Decimal Classification     Infantil Biblioteca Pública Cubarral Biblioteca Pública Cubarral Sala Infantil 07/25/2023   CUB00810 07/25/2023 Ej.1 07/25/2023 Libro Infantil A RAM3    
  Dewey Decimal Classification     Infantil Biblioteca Pública Cumaral - Alvaro Garzon Torres Biblioteca Pública Cumaral - Alvaro Garzon Torres Sala Infantil 12/14/2022   CUM05065 12/14/2022 Ej.1 12/14/2022 Libro Infantil      
  Dewey Decimal Classification     Infantil Biblioteca Pública José Eustasio Rivera - San Martin Biblioteca Pública José Eustasio Rivera - San Martin Sala Infantil 05/19/2023   SM00586 05/19/2023 Ej.1 05/19/2023 Libro Infantil A RAM3    
  Dewey Decimal Classification     Sala Infantil Segundo Piso Biblioteca Pública Germán Arciniegas - Villavicencio Biblioteca Pública Germán Arciniegas - Villavicencio   12/04/2015 3 25771 05/11/2026 Ej. 1 12/04/2015 LIbro A RAM3 16/abr/2013 05/06/2026
  Dewey Decimal Classification     Infantil Biblioteca Pública Guamal Biblioteca Pública Guamal Sala Infantil 02/13/2023   GUA001167 02/13/2023 Ej.1 02/13/2023 Libro Infantil A RAM3    
  Dewey Decimal Classification     Infantil Biblioteca Pública Mapiripan Biblioteca Pública Mapiripan Sala Infantil 01/26/2024   MAP00003884 01/26/2024 Ej.1 01/26/2024 LIbro A RAM3    
  Dewey Decimal Classification     Infantil Biblioteca Pública San Juanito - Ernesto Maria Peña Romero Biblioteca Pública San Juanito - Ernesto Maria Peña Romero Sala Infantil 01/18/2024   SJU00183 01/18/2024 Ej.1 01/18/2024 LIbro A RAM3    









Instituto Departamental de Cultura del Meta - Red Departamental de Bibliotecas Públicas del Meta.